Just don't do it (Record no. 76405)

MARC details
000 -LEADER
fixed length control field 01067cab a2200193 4500
001 - CONTROL NUMBER
control field ##L132339
008 - FIXED-LENGTH DATA ELEMENTS--GENERAL INFORMATION
fixed length control field 060130n2006 000 0 eng u
035 ## - SYSTEM CONTROL NUMBER
System control number (Sirsi) u132339
041 0# - LANGUAGE CODE
Language code of text/sound track or separate title eng
100 1# - MAIN ENTRY--PERSONAL NAME
Personal name Bingham, Tony
245 00 - TITLE STATEMENT
Title Just don't do it
260 ## - PUBLICATION, DISTRIBUTION, ETC.
Date of publication, distribution, etc. 2006
490 #0 - SERIES STATEMENT
Series statement Building
Volume/sequential designation 271(8415) 27 January 2006, 64-65(2)
520 ## - SUMMARY, ETC.
Summary, etc. Gives the facts of, and comments upon, "All In One Building and Refurbishments Ltd v Makers UK Ltd" ([2005] EWHC 2943, TCC, 19 December 2005), in which an adjudicator allowed A to produce evidence in support of its claim for damages after the adjudication had started. The author argues that this defeats the whole point of the process, which is to adjudicate solely on the arguments presented before the 28 day adjudication period commences.
590 ## - LOCAL NOTE (RLIN)
Local note IKA310106
650 24 - SUBJECT ADDED ENTRY--TOPICAL TERM
Topical term or geographic name entry element ALL IN ONE BUILDING & REFURBISHMENTS LTD V MAKERS UK LTD
690 ## - LOCAL SUBJECT ADDED ENTRY--TOPICAL TERM (OCLC, RLIN)
Topical term or geographic name as entry element MANAGEMENT-DISPUTE AVOIDANCE, MANAGEMENT AND RESOLUTION-DISPUTE MANAGEMENT AND RESOLUTION-ALTERNATIVE DISPUTE RESOLUTION-ADJUDICATION-ADJUDICATORS
942 ## - ADDED ENTRY ELEMENTS (KOHA)
Suppress in OPAC 0
Holdings
Withdrawn status Lost status Source of classification or shelving scheme Damaged status Not for loan Home library Current library Shelving location Date acquired Total Checkouts Full call number Barcode Date last seen Copy number Price effective from Koha item type
    Dewey Decimal Classification     London London Journal article 30/01/2006   L132339 132339-1001 06/08/2019 1 06/08/2019 Journal article